| 000 | 00513nam a2200181Ia 4500 | ||
|---|---|---|---|
| 005 | 20250508154018.0 | ||
| 008 | 008 250505s9999 xx 000 0 eng d | ||
| 037 | _aTextual | ||
| 040 |
_aFEDL _beng _cFEDL |
||
| 041 |
_aeng _2eng |
||
| 084 |
_a040, DAL _qFEDL |
||
| 100 |
_aDalmia Ramkrishna _9764857 |
||
| 245 | 0 | _aSome notes and reminiscences: A guide to bliss | |
| 260 |
_aDelhi, India _bTimes of India Press _c1959 |
||
| 300 | _a227p | ||
| 942 |
_cTEXL _h040, DAL |
||
| 999 |
_c1347026 _d1347026 |
||